00934nam a2200253 a 450000100100000000500170001000800410002702000180006804000250008624500810011126000220019230000290021450000420024370000330028570000310031870000430034970000280039270000310042070000320045170000280048370000410051195201110055299900170066300003960820201002033638.0130711s2006 ag a 000 0 spa d a9789871311040 aDO-SdBNPbspacBNPHU00aSantiago de Liniers y las invasiones inglesas /cMarcela Aspel... [et. al.]. aCórdoba,c2006. a298 p. :bils. ;c23 cm. aIncluye notas al pie de las páginas1 aBischoff, Efraín U.9657731 aCalvimonte, Luis Q.9657741 aCerda Donose, Jeanette C. de la9657751 aGarzón, Rafael9657761 aHeredia, Edmundo A.9657771 aLlamosas, Esteban F.9657781 aSaguier Fonrouge9657791 aTejerina Carreras, Ignacio G.965780 001054708MOaGRbGRcCTd2013-07-11iLF1l0o p39608-10r2020-06-25w2020-06-25y4ZPréstamo en sala c39098d39098